Responses for Show #2630 - Friday, January 26, 1996

Contestants

[<< previous game]

Bruce Katz, a writer from Silver Spring, Maryland

Christina Wilber, a bartender from South Seaside Park, New Jersey

David Bowen, a scientist originally from London, England (whose 1-day cash winnings total $7,300)

[next game >>]

Jeopardy! Round responses

MAMMALS
NURSERY RHYMES
COLORS
MOUNTAINS
FAMOUS FIRSTS
3-LETTER WORDS
    $100 1
coyote

David
    $100 26
Georgie Porgie

David
    $100 8
orange

Bruce
    $100 10
(Bruce: What is Tibet?)

China

ChristinaBruce
    $100 6
census

Christina
    $100 7
bit

Christina
    $200 2
tiger

David
    $200 27
Old King Cole

Bruce
    $200 20
blue plate special

David
    $200 13
Andes

David
    $200 11
New Jersey

David
    $200 9
tip

Christina
    $300 3
breathe

Christina
    $300 28
tarts

Bruce
    $300 23
greenback

David
    $300 14
(Christina: What is Vesuvius?)

Etna

ChristinaBruce
    $300 12
run a mile

David
    $300 15
hot

Christina
    $400 4
(Bruce: What's the otter?)
(Alex: Be more specific.)

Pacific otter (sea otter)

Bruce
    $300 29
(Bruce: What are 1, 2?)

5, 6

Bruce
    $400 24
raven

David
    $400 16
Mt. McKinley or Denali

David
    $400 21
John Birch

Christina
    $400 18
vow

Christina
    $500 5
gibbons

Bruce
    $500 30
Little Bobby Shafto

Triple Stumper
    $500 25
(Christina: What is gray?)
(Alex: What kind of gray?)

battleship gray

Christina
    $500 17
(David: Uh.. what is... uh...)

Mt. Rainier

DavidBruce
    $500 22
Virginia Dare

David
    $500 19
opt

Christina

Scores at the first commercial break (after clue 15):

David Christina Bruce
$1,000 $800 $1,200

Scores at the end of the Jeopardy! Round:

David Christina Bruce
$2,400 $2,600 $1,900

Double Jeopardy! Round responses

THE 9th CENTURY
COLLEGES & UNIVERSITIES
FILM TO TV
FURNITURE
U.S. GOVERNMENT
WRITERS NAMED JAMES
    $200 3
Japan

Christina
    $200 23
(Noah) Webster

Christina
    $200 11
Beethoven

Bruce
    $200 15
legs

Bruce
    $200 13
Puerto Rico

David
    $200 1
James Michener

Christina
    $400 4
Charlemagne

David
    $400 24
Wales

David
    $400 12
Uncle Buck

David
    $400 19
couch

David
    $400 14
Department of Transportation

David
    $400 2
James Thurber

Christina
    $600 5
Norway

David
    $600 25
law school

Bruce
    $600 16
"Harper Valley P.T.A."

Christina
    $600 28
drawer

Triple Stumper
    $600 20
Department of the Interior

David
    $600 8
(James) Barrie

Christina
    $800 6
Magyars

David
    $800 26
George Washington

David
    $800 17
Operation Petticoat

Christina
    $800 29
(Christina: What is cherry?)

mahogany

Christina
Triple Stumper
    $800 21
Speaker of the House

David
    $800 9
(James) Baldwin

Bruce
    $1000 7
Cyril

Bruce
    $1000 27
Trinity

David
    $1000 18
(1 of) Lassie or My Friend Flicka, Planet of the Apes

Christina
    $500 30
Queen Anne

David
    $1000 22
(Alan) Greenspan

David
    $1000 10
James M. Cain

Triple Stumper

Scores at the end of the Double Jeopardy! Round:

David Christina Bruce
$10,700 $5,800 $4,700

[wagering suggestions for these scores]

Final Jeopardy! Round responses

CENTRAL AMERICA
BruceWhat is Costa Rica?
$300
ChristinaWhat is Belize Honduras
$3,000
DavidWhat is Belize?
$4,700
Belize

Final scores:

David Christina Bruce
$15,400 $2,800 $4,400
2-day champion: $22,700 3rd place: Astral crystal set + Jeopardy! home game 2nd place: Wittnauer watches & Hammerman rings + Jeopardy! home game

Game dynamics:

Coryat scores:

David Christina Bruce
$11,200 $5,800 $5,000
25 R
(including 2 DDs),
1 W
18 R,
2 W
12 R,
2 W
(including 1 DD)

Combined Coryat: $22,000

[game clues] [game scores] [suggest correction]

Game tape date: Unknown
The J! Archive is created by fans, for fans. Scraping, republication, monetization, and malicious use prohibited; this site may use cookies and collect identifying information. See terms. The Jeopardy! game show and all elements thereof, including but not limited to copyright and trademark thereto, are the property of Jeopardy Productions, Inc. and are protected under law. This website is not affiliated with, sponsored by, or operated by Jeopardy Productions, Inc. Join the discussion at JBoard.tv.